| 000 | 00557nam a22001817a 4500 | ||
|---|---|---|---|
| 008 | 130819b xxu||||| |||| 00| 0 eng d | ||
| 020 | _a9-7814-0827-1049 | ||
| 082 |
_221 ed. _a344.4201 _bCAB |
||
| 100 | _aCabrelli, David | ||
| 245 |
_aEmployment law / _c David Cabrelli |
||
| 250 | _a3 ed. | ||
| 260 |
_aEngland : _bPearson Education ltd. _c2013 |
||
| 300 |
_axxi, 210 P. ; _c21 cm. |
||
| 500 | _aIncludes Index | ||
| 650 | _a Labor laws and legislation -- Great Britain -- Examinations -- Study guides | ||
| 650 | _aEmployment law | ||
| 942 |
_2ddc _cBK |
||
| 999 |
_c5493 _d5493 |
||